00251nam a2200109Ia 4500008004100000245002600041260002200067440000600089521002200095942000700117999001700124140130s9999 xx 000 0 und d cBang, MollyaMy light bScholastic,c2004 v1 aGrade 3 - Grade 4 cBK c40990d40990